Productivity and Its Convergence in Agriculture in New and Old European Union Member States

Zmeny v celkovej produktivite poľnohospodárstva 25 členov Európskej únie. Färe-Primont index. Konvergencia prítomná v poľnohospodárstve takmer všetkých štátov Európskej únie. Proces zvýšovania produktivity silnejší v nových členských štátoch.

Salvato in:
Dettagli Bibliografici
Autore principale: Kijek, Arkadiusz
Altri autori: Kijek, Tomasz, Nowak, Anna, Skrzypek, Adam
Natura: Capitolo di libro
Lingua:inglese
Soggetti:
Tags: Aggiungi Tag
Nessun Tag, puoi essere il primo ad aggiungerne!!

MARC

LEADER 00000naa a2200000 4500
001 0252488
005 20221104110301.7
041 0 |a eng 
044 |a CZ 
245 1 0 |a Productivity and Its Convergence in Agriculture in New and Old European Union Member States  |c Arkadiusz Kijek, Tomasz Kijek, Anna Nowak, Adam Skrzypek 
520 |a Zmeny v celkovej produktivite poľnohospodárstva 25 členov Európskej únie. Färe-Primont index. Konvergencia prítomná v poľnohospodárstve takmer všetkých štátov Európskej únie. Proces zvýšovania produktivity silnejší v nových členských štátoch. 
610 2 0 |a poľnohospodárstvo 
610 2 0 |a produktivita 
610 2 0 |a Európska únia 
610 2 0 |a konvergencia 
610 2 0 |a zvyšovanie produktivity 
100 1 |a Kijek, Arkadiusz 
700 1 |a Kijek, Tomasz 
700 1 |a Nowak, Anna 
700 1 |a Skrzypek, Adam